[Event "NSU Open Mesterklasen 2007"]
[Site "Hillerod"]
[Date "2007.01.05"]
[Round "1"]
[White "Andersen, Rune"]
[Black "Stockflet, Henrik"]
[Result "1-0"]
[WhiteElo "2082"]
[BlackElo "1914"]
[PlyCount "41"]
[EventDate "2007.??.??"]

1. d4 f5 2. c4 Nf6 3. g3 g6 4. Bg2 Bg7 5. Nh3 d6 6. d5 O-O 7. Nc3 a5 8. Nf4 Na6
9. h4 Nc5 10. h5 g5 11. h6 Bh8 12. Nh5 Nfe4 13. Nxe4 fxe4 14. Ng7 e5 15. dxe6
Qf6 16. Be3 Bxe6 17. Qc2 a4 18. O-O-O Qf7 19. Bxc5 dxc5 20. Bxe4 Rfb8 21. Nxe6
1-0

[Event "NSU Open Mesterklasen 2007"]
[Site "Hillerod"]
[Date "2007.01.05"]
[Round "1"]
[White "Strange, Mikkel"]
[Black "Lilja, Richard"]
[Result "1/2-1/2"]
[WhiteElo "2238"]
[BlackElo "2069"]
[PlyCount "61"]
[EventDate "2007.??.??"]

1. f4 g6 2. Nf3 Bg7 3. e4 d6 4. Be2 Nd7 5. O-O c5 6. Kh1 Rb8 7. c3 b6 8. d4 Bb7
9. e5 Nh6 10. Nbd2 Nf5 11. Nc4 d5 12. Ne3 Nxe3 13. Bxe3 e6 14. Qa4 Qc7 15. Rae1
Bc6 16. Qc2 c4 17. g4 h5 18. Ng5 hxg4 19. Nxe6 fxe6 20. Qxg6+ Kf8 21. f5 Nxe5
22. dxe5 d4+ 23. Kg1 dxe3 24. fxe6+ Kg8 25. Bxc4 Bf3 26. e7+ Qxc4 27. e8=Q+
Rxe8 28. Qxe8+ Kh7 29. Qh5+ Kg8 30. Qe8+ Kh7 31. Qh5+ 1/2-1/2

[Event "NSU Open Mesterklasen 2007"]
[Site "Hillerod"]
[Date "2007.01.05"]
[Round "1"]
[White "Kristensen, Kaare Hove"]
[Black "Andersen, Ib Hother"]
[Result "1-0"]
[WhiteElo "2313"]
[BlackElo "2091"]
[PlyCount "63"]
[EventDate "2007.??.??"]

1. e4 e5 2. Nf3 Nc6 3. d4 exd4 4. Nxd4 Nf6 5. Nxc6 bxc6 6. e5 Qe7 7. Qe2 Nd5 8.
c4 Nb6 9. Nc3 a5 10. Bd2 Qe6 11. Qe4 Ba6 12. b3 a4 13. Be2 g6 14. O-O Bg7 15.
f4 O-O 16. Rae1 axb3 17. axb3 d5 18. Qf3 f6 19. cxd5 cxd5 20. Bxa6 Rxa6 21. Qd3
Raa8 22. Nb5 Rac8 23. f5 gxf5 24. Nd4 Qd7 25. e6 Qe8 26. Nxf5 Kh8 27. Bb4 c5
28. Nd6 Qc6 29. Nxc8 Rxc8 30. Ba5 Na8 31. Rf5 d4 32. Rh5 1-0

[Event "NSU Open Mesterklasen 2007"]
[Site "Hillerod"]
[Date "2007.01.05"]
[Round "1"]
[White "Jakobsen, Peter"]
[Black "Tandrup, Michael"]
[Result "1-0"]
[WhiteElo "2191"]
[BlackElo "1896"]
[PlyCount "63"]
[EventDate "2007.??.??"]

1. c4 Nf6 2. g3 g6 3. Bg2 Bg7 4. Nc3 d6 5. e4 c5 6. Nge2 Nc6 7. O-O O-O 8. d3
Bg4 9. f3 Bd7 10. Be3 Qc8 11. Qd2 e5 12. Bh6 Bh3 13. Bxg7 Kxg7 14. f4 Bxg2 15.
Kxg2 h6 16. h3 Qd7 17. Rf2 Nd4 18. Raf1 Ng8 19. f5 gxf5 20. Nd5 Nxe2 21. Qxe2
f4 22. gxf4 Rae8 23. Kh2 f5 24. fxe5 Rxe5 25. Ne3 Ne7 26. Rg2+ Kh7 27. Qh5 Qe8
28. Qf3 Ng6 29. Nxf5 Rfxf5 30. exf5 Nh4 31. Qxb7+ Re7 32. Re2 1-0

[Event "NSU Open Mesterklasen 2007"]
[Site "Hillerod"]
[Date "2007.01.05"]
[Round "1"]
[White "Ostergaard, Jens"]
[Black "Andersen, Lars Ren"]
[Result "1/2-1/2"]
[WhiteElo "2257"]
[BlackElo "2018"]
[PlyCount "95"]
[EventDate "2007.??.??"]

1. d4 Nf6 2. Nf3 e6 3. c4 b6 4. g3 Bb7 5. Bg2 c5 6. d5 exd5 7. Nh4 g6 8. Nc3
Bg7 9. cxd5 d6 10. O-O O-O 11. e4 a6 12. a4 Nbd7 13. f4 Re8 14. h3 Qb8 15. g4
b5 16. g5 b4 17. gxf6 Bxf6 18. e5 Bxh4 19. Ne4 Be7 20. exd6 Bxd6 21. f5 Be5 22.
Kh1 Qd8 23. Bg5 f6 24. Bh6 Qe7 25. Qg4 Kh8 26. Rad1 g5 27. Qh5 Rg8 28. b3 Qe8
29. Qg4 Qf7 30. Nf2 Nb6 31. a5 Nxd5 32. Qc4 Qh5 33. Bxd5 Bxd5+ 34. Rxd5 Qxh6
35. Kg2 Bd4 36. Ng4 Qg7 37. Re1 h5 38. Nh2 Qb7 39. Nf3 Rad8 40. Rxd8 Rxd8 41.
Kg3 Be5+ 42. Nxe5 fxe5 43. Qxc5 Rd3+ 44. Re3 Rxe3+ 45. Qxe3 Qg7 46. Qe2 Qf6 47.
Qxh5+ Kg7 48. Kg4 1/2-1/2

[Event "NSU Open Mesterklasen 2007"]
[Site "Hillerod"]
[Date "2007.01.05"]
[Round "1"]
[White "Ottosen, Peder"]
[Black "Paulsen, Henrik"]
[Result "1-0"]
[WhiteElo "1983"]
[BlackElo "1886"]
[PlyCount "93"]
[EventDate "2007.??.??"]

1. d4 d5 2. c4 c6 3. Nc3 Nf6 4. Nf3 e6 5. e3 Bd6 6. Qc2 O-O 7. Bd3 dxc4 8. Bxc4
Nbd7 9. O-O b6 10. e4 e5 11. dxe5 Nxe5 12. Nxe5 Bxe5 13. Ne2 Qe7 14. Kh1 Bb7
15. f4 Bc7 16. Ng3 Rad8 17. b4 Qxb4 18. a4 Rd4 19. Ba2 Re8 20. Rb1 Qa5 21. Bb2
Rd7 22. e5 Nd5 23. Qf5 Bc8 24. Qg5 Bd8 25. Qh5 Qxa4 26. Ra1 Qb4 27. Rf2 Re6 28.
Qf3 Bc7 29. Bb1 g6 30. Ne4 a5 31. Ba2 Bd8 32. f5 gxf5 33. Qxf5 Rg6 34. e6 fxe6
35. Qe5 Rdg7 36. Raf1 Qe7 37. Nd6 Bc7 38. Nxc8 Bxe5 39. Nxe7+ Rxe7 40. Rf8+ Kg7
41. Bxe5+ Kh6 42. Bb1 Rg5 43. Bb2 Rg4 44. R8f3 Rh4 45. Rg3 e5 46. Bc1+ Nf4 47.
Rgf3 1-0

[Event "NSU Open Mesterklasen 2007"]
[Site "Hillerod"]
[Date "2007.01.05"]
[Round "1"]
[White "Olsen, Peter Erik"]
[Black "Jacobsen, Hans Endrup"]
[Result "1-0"]
[WhiteElo "2173"]
[BlackElo "1872"]
[PlyCount "67"]
[EventDate "2007.??.??"]

1. d4 Nf6 2. c4 g6 3. f3 Bg7 4. e4 d6 5. Nc3 O-O 6. Be3 e5 7. d5 Nh5 8. Nge2 f5
9. Qd2 Nd7 10. O-O-O Ndf6 11. h3 f4 12. Bf2 b6 13. Kb1 Nd7 14. b4 Rf7 15. Nc1
a5 16. a3 axb4 17. axb4 Nb8 18. Kb2 Na6 19. Kb3 Bd7 20. Bd3 Qb8 21. N1e2 Qb7
22. Ra1 Rff8 23. Ra2 Nb8 24. Rha1 Rxa2 25. Qxa2 Qc8 26. Qa8 Bxh3 27. gxh3 Qxh3
28. Ng1 Qg2 29. Ra2 Qg5 30. Qb7 Qd8 31. Nb5 g5 32. Qxc7 Nf6 33. Bxb6 Qxc7 34.
Bxc7 1-0

[Event "NSU Open Mesterklasen 2007"]
[Site "Hillerod"]
[Date "2007.01.06"]
[Round "2"]
[White "Tandrup, Michael"]
[Black "Andersen, Ib Hother"]
[Result "1/2-1/2"]
[WhiteElo "1896"]
[BlackElo "2091"]
[PlyCount "41"]
[EventDate "2007.??.??"]

1. d4 Nf6 2. Nf3 e6 3. e3 b6 4. b3 Bb7 5. Bd3 Be7 6. O-O O-O 7. Bb2 d6 8. c4
Nbd7 9. Nbd2 c5 10. Qc2 h6 11. e4 cxd4 12. Nxd4 Nc5 13. f3 a6 14. b4 Nxd3 15.
Qxd3 Rc8 16. Rac1 Re8 17. a3 Nd7 18. f4 Bf6 19. Qg3 b5 20. Kh1 bxc4 21. Nxc4
1/2-1/2

[Event "NSU Open Mesterklasen 2007"]
[Site "Hillerod"]
[Date "2007.01.06"]
[Round "2"]
[White "Ottosen, Peder"]
[Black "Olsen, Peter Erik"]
[Result "1/2-1/2"]
[WhiteElo "1983"]
[BlackElo "2173"]
[PlyCount "109"]
[EventDate "2007.??.??"]

1. d4 Nf6 2. c4 c5 3. e3 cxd4 4. exd4 d5 5. Nc3 Nc6 6. Nf3 Bg4 7. cxd5 Nxd5 8.
Qb3 Bxf3 9. gxf3 e6 10. Qxb7 Nxd4 11. Bb5+ Nxb5 12. Qc6+ Ke7 13. Qxb5 Qd7 14.
Nxd5+ Qxd5 15. Qxd5 exd5 16. O-O Rd8 17. Re1+ Kf6 18. b3 Bb4 19. Bb2+ Kg6 20.
Red1 Rd7 21. Rd4 Be7 22. Rg4+ Kf5 23. Rxg7 Bf6 24. Bxf6 Kxf6 25. Rg4 d4 26. Rd1
d3 27. Kf1 Rc8 28. Rh4 Rc2 29. a4 Rb2 30. b4 Kf5 31. b5 f6 32. Rc4 Re7 33. Re1
Rd7 34. f4 Kg4 35. Kg2 Rc2 36. Rxc2 dxc2 37. Rc1 Rd2 38. a5 Kxf4 39. b6 axb6
40. a6 Rd1 41. Rxc2 Ra1 42. Rc6 Rxa6 43. Rxf6+ Kg5 44. Rd6 h5 45. Rd5+ Kg6 46.
Rb5 Kh6 47. Kg3 Kg6 48. f3 Kh6 49. f4 Kg6 50. Kh4 Ra4 51. Rxb6+ Kf5 52. Kxh5
Rxf4 53. h4 Rf1 54. Rg6 Rh1 55. Rg5+ 1/2-1/2

[Event "NSU Open Mesterklasen 2007"]
[Site "Hillerod"]
[Date "2007.01.06"]
[Round "2"]
[White "Kristensen, Kaare Hove"]
[Black "Andersen, Rune"]
[Result "1/2-1/2"]
[WhiteElo "2313"]
[BlackElo "2082"]
[PlyCount "58"]
[EventDate "2007.??.??"]

1. c4 c5 2. Nf3 Nc6 3. Nc3 g6 4. e3 Bg7 5. d4 e6 6. Nb5 d5 7. dxc5 Nf6 8. Nd6+
Ke7 9. Bd2 Ne4 10. cxd5 exd5 11. Nxe4 dxe4 12. Nd4 Nxd4 13. exd4 Bxd4 14. Bc4
Be6 15. Bxe6 Kxe6 16. O-O Qd5 17. Qe2 f5 18. Rfd1 Rhd8 19. Bg5 Rd7 20. Be3 Qxc5
21. Rac1 Qb6 22. Qc4+ Ke5 23. Rxd4 Rxd4 24. Bxd4+ Qxd4 25. Qf7 Rd8 26. Qe7+ Kf4
27. Qh4+ Ke5 28. Qe7+ Kf4 29. Qh4+ Ke5 1/2-1/2

[Event "NSU Open Mesterklasen 2007"]
[Site "Hillerod"]
[Date "2007.01.06"]
[Round "2"]
[White "Stockflet, Henrik"]
[Black "Paulsen, Henrik"]
[Result "0-1"]
[WhiteElo "1914"]
[BlackElo "1886"]
[PlyCount "100"]
[EventDate "2007.??.??"]

1. e4 e5 2. f4 exf4 3. Nf3 g5 4. Bc4 Bg7 5. O-O Nh6 6. d4 O-O 7. h4 gxh4 8.
Bxf4 Nc6 9. Bg5 Qe8 10. Qd2 Ng4 11. Nc3 d6 12. Nd5 Qd7 13. c3 Kh8 14. Bxh4 f6
15. Qe2 Ne7 16. Nf4 Qe8 17. Ne6 Bxe6 18. Bxe6 Nh6 19. d5 Ng6 20. Bg3 Nf7 21.
Nd4 Ng5 22. Bf5 Qe7 23. Qh5 Qe8 24. Ne6 Nxe6 25. Bxe6 Ne5 26. Qh3 Qg6 27. Bf4
f5 28. Bxf5 Rxf5 29. exf5 Qf7 30. Rad1 Rg8 31. Bg5 Bf6 32. Bxf6+ Qxf6 33. Rd4
h6 34. Rh4 Kh7 35. Re1 Qxh4 36. Qxh4 Nf3+ 37. Kf2 Nxh4 38. Re7+ Kh8 39. f6
Rxg2+ 40. Kf1 Rg6 41. Rxc7 Rxf6+ 42. Ke2 Kg8 43. Rxb7 Rf7 44. Rb4 Ng6 45. Rg4
Kg7 46. b4 Rf5 47. c4 Rf4 48. Rxf4 Nxf4+ 49. Kf3 Nd3 50. a3 Ne5+ 0-1

[Event "NSU Open Mesterklasen 2007"]
[Site "Hillerod"]
[Date "2007.01.06"]
[Round "2"]
[White "Jacobsen, Hans Endrup"]
[Black "Ostergaard, Jens"]
[Result "0-1"]
[WhiteElo "1872"]
[BlackElo "2257"]
[PlyCount "90"]
[EventDate "2007.??.??"]

1. e4 c6 2. d4 d5 3. Nc3 dxe4 4. Nxe4 Nd7 5. Nf3 Ngf6 6. Nxf6+ Nxf6 7. Ne5 Be6
8. Be2 g6 9. O-O Bg7 10. Be3 O-O 11. c4 Ne8 12. Qd2 Nd6 13. Rac1 Nf5 14. Rfd1
Nxe3 15. Qxe3 Qa5 16. a3 Rfd8 17. b4 Qb6 18. Rb1 Qc7 19. f4 a6 20. Rdc1 Qb6 21.
c5 Qc7 22. a4 Bd5 23. Bd3 e6 24. Rb2 Re8 25. Rcb1 b5 26. cxb6 Qxb6 27. b5 cxb5
28. axb5 a5 29. Kh1 Red8 30. Rd2 Rac8 31. Be2 Rc7 32. Qa3 Rdc8 33. h3 Bxe5 34.
fxe5 Rc3 35. Qd6 Qb7 36. Bf1 Rxh3+ 37. Kg1 Rhc3 38. Qa6 Ra8 39. Qxb7 Bxb7 40.
Ra1 Bd5 41. Rb2 a4 42. Rb4 a3 43. b6 Rb8 44. Kf2 a2 45. Be2 Rb3 0-1

[Event "NSU Open Mesterklasen 2007"]
[Site "Hillerod"]
[Date "2007.01.06"]
[Round "2"]
[White "Andersen, Lars Ren"]
[Black "Strange, Mikkel"]
[Result "0-1"]
[WhiteElo "2018"]
[BlackElo "2238"]
[PlyCount "90"]
[EventDate "2007.??.??"]

1. c4 f5 2. d4 Nf6 3. Nc3 e6 4. Nf3 Be7 5. g3 O-O 6. Bg2 d6 7. O-O Ne4 8. Qc2
Nxc3 9. Qxc3 a5 10. b3 Nc6 11. a3 e5 12. d5 Nb8 13. Bb2 Nd7 14. b4 Bf6 15. Qc2
Qe8 16. Bh3 g6 17. Rad1 Qe7 18. Nd2 Qg7 19. Bg2 Qh6 20. c5 axb4 21. axb4 e4 22.
Bxf6 Nxf6 23. Nc4 Bd7 24. Qd2 Qxd2 25. Rxd2 Ra4 26. Rc1 Rxb4 27. cxd6 Bb5 28.
Na5 cxd6 29. Nxb7 Bxe2 30. Nxd6 Bd3 31. Bf1 Rd4 32. Bxd3 exd3 33. Rcd1 Rd8 34.
Nb7 R8xd5 35. Ra2 Ne4 36. Ra3 d2 37. Na5 Rxa5 38. Rxa5 Nc3 39. Raa1 Kf7 40. Kf1
Ke6 41. f3 Kd5 42. Kf2 Kc4 43. Ke3 Rd3+ 44. Kf4 Nxd1 45. Rxd1 Kc3 0-1

[Event "NSU Open Mesterklasen 2007"]
[Site "Hillerod"]
[Date "2007.01.06"]
[Round "2"]
[White "Lilja, Richard"]
[Black "Jakobsen, Peter"]
[Result "1-0"]
[WhiteElo "2069"]
[BlackElo "2191"]
[PlyCount "77"]
[EventDate "2007.??.??"]

1. e4 c5 2. Nf3 d6 3. d3 Nc6 4. g3 g6 5. Bg2 Bg7 6. O-O e6 7. c3 Nge7 8. Re1
O-O 9. h4 h6 10. Nbd2 b5 11. Nf1 b4 12. d4 bxc3 13. bxc3 Qa5 14. e5 cxd4 15.
exd6 Nd5 16. cxd4 Qb4 17. Ne5 Qxd6 18. Nxc6 Qxc6 19. Bf4 Bb7 20. Qd2 Kh7 21.
Be5 Rad8 22. Bxg7 Kxg7 23. Ne3 Qd7 24. Rab1 Ba8 25. Ng4 Rh8 26. Ne5 Qe7 27. Rb3
h5 28. Nf3 Rb8 29. Qa5 Rhc8 30. Rxb8 Rxb8 31. Ng5 Qb4 32. Qxb4 Rxb4 33. Nf3 Nf6
34. Rc1 Bxf3 35. Bxf3 Rxd4 36. Rc7 Ra4 37. Rc2 Ra3 38. Bc6 Ra6 39. Bb5 1-0

[Event "NSU Open Mesterklasen 2007"]
[Site "Hillerod"]
[Date "2007.01.06"]
[Round "3"]
[White "Kristensen, Kaare Hove"]
[Black "Ottosen, Peder"]
[Result "1-0"]
[WhiteElo "2313"]
[BlackElo "1983"]
[PlyCount "35"]
[EventDate "2007.??.??"]

1. e4 c5 2. Nf3 e6 3. b4 cxb4 4. d4 Nc6 5. a3 bxa3 6. c3 Nf6 7. Bd3 b5 8. O-O
b4 9. d5 Na5 10. d6 Bxd6 11. e5 Be7 12. cxb4 Bxb4 13. exf6 Qxf6 14. Ra2 Bb7 15.
Bxa3 Bd5 16. Bxb4 Bxa2 17. Bxa5 O-O 18. Nc3 1-0

[Event "NSU Open Mesterklasen 2007"]
[Site "Hillerod"]
[Date "2007.01.06"]
[Round "3"]
[White "Jakobsen, Peter"]
[Black "Strange, Mikkel"]
[Result "0-1"]
[WhiteElo "2191"]
[BlackElo "2238"]
[PlyCount "52"]
[EventDate "2007.??.??"]

1. c4 f5 2. g3 Nf6 3. Bg2 e5 4. d4 d6 5. Nc3 Be7 6. e3 O-O 7. Nge2 Nc6 8. O-O
Qe8 9. b3 Qh5 10. Ba3 g5 11. dxe5 Nxe5 12. Nd4 Nfg4 13. h3 f4 14. Nd5 f3 15.
Nxe7+ Kg7 16. Nxc8 Raxc8 17. Ne6+ Kh6 18. Nxf8 Rxf8 19. Bb2 fxg2 20. Kxg2 Rxf2+
21. Rxf2 Nxe3+ 22. Kh2 Nxd1 23. Rf6+ Kg7 24. Bxe5 dxe5 25. g4 Qh4 26. Rf1 Nf2
0-1

[Event "NSU Open Mesterklasen 2007"]
[Site "Hillerod"]
[Date "2007.01.06"]
[Round "3"]
[White "Paulsen, Henrik"]
[Black "Andersen, Lars Ren"]
[Result "0-1"]
[WhiteElo "1886"]
[BlackElo "2018"]
[PlyCount "68"]
[EventDate "2007.??.??"]

1. e4 c5 2. Nf3 d6 3. d4 cxd4 4. Nxd4 Nf6 5. Nc3 a6 6. Bg5 Nbd7 7. Qd2 e6 8.
O-O-O Qc7 9. f4 Be7 10. f5 Ne5 11. Be2 Bd7 12. h4 h5 13. Rh3 O-O-O 14. Rf1 Kb8
15. Qd1 Neg4 16. Rd3 Bc8 17. Kb1 Ne5 18. Rg3 Nfg4 19. Na4 Bxg5 20. hxg5 d5 21.
fxe6 dxe4 22. b4 Bxe6 23. Ra3 Qd6 24. c3 Ne3 25. Qc1 Nxf1 26. Qxf1 Nd3 27. Bxd3
exd3 28. Qxd3 g6 29. Qd2 Bc4 30. Nc5 Rhe8 31. Nd3 Qg3 32. Qf4+ Qxf4 33. Nxf4
Re4 34. g3 h4 0-1

[Event "NSU Open Mesterklasen 2007"]
[Site "Hillerod"]
[Date "2007.01.06"]
[Round "3"]
[White "Andersen, Rune"]
[Black "Olsen, Peter Erik"]
[Result "0-1"]
[WhiteElo "2082"]
[BlackElo "2173"]
[PlyCount "82"]
[EventDate "2007.??.??"]

1. d4 Nf6 2. c4 c5 3. d5 b5 4. cxb5 a6 5. f3 e6 6. e4 exd5 7. e5 Qe7 8. Qe2 Ng8
9. Nc3 Bb7 10. f4 c4 11. Nf3 axb5 12. Nxb5 Qb4+ 13. Nc3 Bc5 14. Be3 Ne7 15.
Bxc5 Qxc5 16. Qf2 Na6 17. Nd4 O-O 18. Be2 d6 19. exd6 Qxd6 20. O-O Nc5 21. Rad1
Rac8 22. f5 Qf6 23. Qf4 Nd7 24. g4 h6 25. Qg3 Nc5 26. Qf4 Ne4 27. Ncb5 Rfd8 28.
h3 Nc6 29. Nxc6 Rxc6 30. Bf3 Qxb2 31. Bxe4 Qxb5 32. Rb1 Qc5+ 33. Kh1 Ba8 34.
Rfd1 Rcc8 35. Bg2 d4 36. g5 Bxg2+ 37. Kxg2 hxg5 38. Qxg5 d3 39. Qg4 c3 40. Rbc1
Qd5+ 41. Kg3 d2 0-1

[Event "NSU Open Mesterklasen 2007"]
[Site "Hillerod"]
[Date "2007.01.06"]
[Round "3"]
[White "Jacobsen, Hans Endrup"]
[Black "Tandrup, Michael"]
[Result "0-1"]
[WhiteElo "1872"]
[BlackElo "1896"]
[PlyCount "80"]
[EventDate "2007.??.??"]

1. e4 d5 2. exd5 Qxd5 3. Nc3 Qa5 4. d4 Nf6 5. Nf3 c6 6. Bc4 Bg4 7. O-O e6 8.
Bd2 Qc7 9. h3 Bh5 10. Qe2 Be7 11. Bb3 O-O 12. g4 Bg6 13. Ne5 Nbd7 14. Bf4 Nxe5
15. Bxe5 Qb6 16. Rad1 Nd7 17. Bf4 Nf6 18. h4 h6 19. h5 Bh7 20. Kg2 Qd8 21. Rh1
Nd5 22. Nxd5 exd5 23. Qd2 f5 24. gxf5 Rxf5 25. c4 Bg5 26. Bxg5 Rxg5+ 27. Kf1
Be4 28. Rh2 Qd6 29. f4 Rf8 30. Rf2 Rxh5 31. Ke2 Qg6 32. Qe3 Qg4+ 33. Kd2 Rh3
34. Qe2 Bf3 35. Rxf3 Rxf3 36. Re1 Qxf4+ 37. Kd1 Qxd4+ 38. Kc1 Rf2 39. Qe6+ Kh8
40. Bc2 Qd2+ 0-1

[Event "NSU Open Mesterklasen 2007"]
[Site "Hillerod"]
[Date "2007.01.06"]
[Round "3"]
[White "Ostergaard, Jens"]
[Black "Lilja, Richard"]
[Result "0-1"]
[WhiteElo "2257"]
[BlackElo "2069"]
[PlyCount "112"]
[EventDate "2007.??.??"]

1. d4 g6 2. c4 Bg7 3. Nf3 Nf6 4. Nc3 O-O 5. e4 d6 6. Be2 e5 7. O-O Nc6 8. Be3
Ng4 9. Bg5 f6 10. Bc1 Kh8 11. d5 Ne7 12. Nd2 Nh6 13. b4 f5 14. f3 f4 15. a4 g5
16. a5 Ng6 17. c5 Rf7 18. Nc4 Bf8 19. c6 bxc6 20. dxc6 a6 21. Nd5 Ng8 22. Qb3
Nf6 23. Na3 Nxd5 24. Qxd5 Rg7 25. Bd2 h5 26. Nc4 Ne7 27. Qd3 Nxc6 28. Bc3 Be6
29. h3 Qf6 30. Na3 Qg6 31. b5 axb5 32. Nxb5 Nb8 33. Bb4 Na6 34. Ba3 g4 35. hxg4
Be7 36. Rac1 Bh4 37. Nxc7 Nxc7 38. Qxd6 Rd8 39. Qb6 Na8 40. Qc5 Be7 41. Qc3
Bxa3 42. Qxa3 hxg4 43. Rc6 g3 44. Rd1 Rxd1+ 45. Bxd1 Qh6 46. Qc5 Qh2+ 47. Kf1
Bd7 48. Rf6 Nc7 49. Be2 Ne6 50. Qb6 Qh1+ 51. Qg1 Qxg1+ 52. Kxg1 Nd4 53. Bf1 Bb5
54. a6 Ra7 55. Bxb5 Nxb5 56. Rb6 Nc7 0-1

[Event "NSU Open Mesterklasen 2007"]
[Site "Hillerod"]
[Date "2007.01.06"]
[Round "3"]
[White "Andersen, Ib Hother"]
[Black "Stockflet, Henrik"]
[Result "1/2-1/2"]
[WhiteElo "2091"]
[BlackElo "1914"]
[PlyCount "95"]
[EventDate "2007.??.??"]

1. e4 e5 2. Nf3 d6 3. d4 exd4 4. Nxd4 g6 5. Bc4 Bg7 6. O-O Nf6 7. Nc3 O-O 8.
Bg5 Nbd7 9. f4 Re8 10. Re1 c6 11. Kh1 Qb6 12. Nb3 Qb4 13. Bf1 Rxe4 14. Nxe4
Nxe4 15. Bh4 Bxb2 16. Rb1 Bf6 17. Qf3 d5 18. Bxf6 Ndxf6 19. h3 h5 20. c4 Kg7
21. Kh2 Bd7 22. cxd5 cxd5 23. Qe3 h4 24. Nd4 Qd6 25. Kg1 Re8 26. Ne2 Nc3 27.
Qxa7 Nxe2+ 28. Rxe2 Rxe2 29. Bxe2 Qxf4 30. Rxb7 Be6 31. Qf2 Qc1+ 32. Kh2 Ne4
33. Qd4+ Kh6 34. Qh8+ Kg5 35. Qe5+ Kh6 36. Qh8+ Kg5 37. Qe5+ f5 38. Bf3 Ng3 39.
Bd1 Qxd1 40. Qe3+ Kf6 41. Qg1 Qd2 42. Qc5 Qe1 43. Qf8+ Ke5 44. Qb8+ Ke4 45. Rb1
Qf2 46. Qe8 Nf1+ 47. Rxf1 Qxf1 48. Qxe6+ 1/2-1/2

[Event "NSU Open Mesterklasen 2007"]
[Site "Hillerod"]
[Date "2007.01.07"]
[Round "4"]
[White "Andersen, Ib Hother"]
[Black "Paulsen, Henrik"]
[Result "1-0"]
[WhiteElo "2091"]
[BlackElo "1886"]
[PlyCount "79"]
[EventDate "2007.??.??"]

1. e4 e5 2. Nf3 Nc6 3. Bb5 a6 4. Ba4 Nf6 5. O-O Be7 6. Qe2 b5 7. Bb3 O-O 8. c3
Bb7 9. Rd1 Re8 10. d4 Bd6 11. Ng5 Re7 12. f4 exd4 13. Nxf7 Rxf7 14. Bxf7+ Kxf7
15. e5 Bc5 16. Kh1 Nd5 17. Qe4 Ne3 18. Bxe3 dxe3 19. Qd5+ Kg6 20. Qxc5 e2 21.
f5+ Kxf5 22. Qf2+ Ke6 23. Qxe2 Nxe5 24. Nd2 d6 25. Rf1 Qe7 26. a4 bxa4 27. Rxa4
Rf8 28. Raa1 Rxf1+ 29. Rxf1 Kd7 30. Nc4 Qg5 31. Nxe5+ Qxe5 32. Qxe5 dxe5 33.
Rf7+ Kd6 34. Rxg7 Be4 35. Kg1 c6 36. Kf2 Kd5 37. Ke3 Bg6 38. Ra7 c5 39. Rxa6 c4
40. g4 1-0

[Event "NSU Open Mesterklasen 2007"]
[Site "Hillerod"]
[Date "2007.01.07"]
[Round "4"]
[White "Olsen, Peter Erik"]
[Black "Kristensen, Kaare Hove"]
[Result "0-1"]
[WhiteElo "2173"]
[BlackElo "2313"]
[PlyCount "38"]
[EventDate "2007.??.??"]

1. d4 d5 2. c4 e6 3. Nc3 c6 4. e3 Nf6 5. Nf3 Nbd7 6. b3 Bd6 7. Be2 O-O 8. O-O
Qe7 9. Bb2 b6 10. Qc2 Bb7 11. e4 e5 12. dxe5 Nxe5 13. Nxe5 Bxe5 14. exd5 cxd5
15. cxd5 Rac8 16. Bc4 Bxc3 17. Bxc3 Nxd5 18. Bxd5 Bxd5 19. Qb2 Qe4 0-1

[Event "NSU Open Mesterklasen 2007"]
[Site "Hillerod"]
[Date "2007.01.07"]
[Round "4"]
[White "Stockflet, Henrik"]
[Black "Jacobsen, Hans Endrup"]
[Result "1-0"]
[WhiteElo "1914"]
[BlackElo "1872"]
[PlyCount "47"]
[EventDate "2007.??.??"]

1. e4 c5 2. Nf3 d6 3. d4 cxd4 4. Nxd4 Nf6 5. Nc3 a6 6. Bg5 e6 7. f4 Be7 8. Qf3
Qc7 9. O-O-O Nc6 10. Nxc6 bxc6 11. e5 Nd5 12. Bxe7 Kxe7 13. Qg3 Rb8 14. Qxg7
Rf8 15. Bc4 Qb6 16. Nxd5+ cxd5 17. Qf6+ Ke8 18. exd6 Qxd6 19. Rxd5 Qb6 20. Rd3
Bb7 21. Rhd1 Qc7 22. Bb3 Bc6 23. Bxe6 Bb5 24. Re3 1-0

[Event "NSU Open Mesterklasen 2007"]
[Site "Hillerod"]
[Date "2007.01.07"]
[Round "4"]
[White "Strange, Mikkel"]
[Black "Andersen, Rune"]
[Result "1/2-1/2"]
[WhiteElo "2238"]
[BlackElo "2082"]
[PlyCount "66"]
[EventDate "2007.??.??"]

1. f4 d5 2. Nf3 c5 3. e3 Nc6 4. Be2 g6 5. O-O Bg7 6. d3 Nf6 7. Nc3 d4 8. Ne4
dxe3 9. Nxc5 Nd5 10. g3 Bh3 11. Re1 Qb6 12. Ne4 Nf6 13. c3 h6 14. Qb3 Ng4 15.
Qxb6 axb6 16. Nh4 f5 17. Nxg6 Rg8 18. Nh4 fxe4 19. dxe4 e5 20. f5 Bf6 21. Ng2
Na5 22. Bb5+ Nc6 23. Nxe3 h5 24. Nc4 Be7 25. b4 Kf8 26. Nxb6 Rd8 27. Bc4 Nxb4
28. cxb4 Bxb4 29. Nd5 Rxd5 30. Bxd5 Bc5+ 31. Kh1 Nf2+ 32. Kg1 Ng4+ 33. Kh1 Nf2+
1/2-1/2

[Event "NSU Open Mesterklasen 2007"]
[Site "Hillerod"]
[Date "2007.01.07"]
[Round "4"]
[White "Lilja, Richard"]
[Black "Ottosen, Peder"]
[Result "1/2-1/2"]
[WhiteElo "2069"]
[BlackElo "1983"]
[PlyCount "119"]
[EventDate "2007.??.??"]

1. e4 c6 2. d3 d5 3. Nd2 e5 4. g3 Nf6 5. Bg2 Bg4 6. Ngf3 dxe4 7. dxe4 Nbd7 8.
h3 Bh5 9. O-O Bc5 10. a4 O-O 11. Qe2 Qc7 12. Nb3 Be7 13. Bd2 Rad8 14. Bc3 b6
15. Rfe1 Ne8 16. Nbd2 f6 17. Nf1 Bf7 18. Ne3 Nd6 19. Nd2 Kh8 20. h4 Nc5 21. Bb4
Ne6 22. Bxd6 Rxd6 23. c3 Nc5 24. Ndc4 Rd7 25. b4 Nxa4 26. Rxa4 b5 27. Ra6 bxc4
28. Rea1 Rd3 29. Rxa7 Qd8 30. Rd1 Be6 31. Bf1 Rxd1 32. Qxd1 Qxd1 33. Nxd1 Bd8
34. Ra6 Bg4 35. Ne3 Bf3 36. Bg2 Be2 37. Rxc6 g5 38. hxg5 fxg5 39. b5 Ba5 40.
Nd5 Rb8 41. b6 Bh5 42. Nf6 Bg6 43. Nd7 Rb7 44. Nxe5 Bxb6 45. Nxc4 Ba7 46. Nd6
Rb1+ 47. Bf1 Ra1 48. Kg2 Ra2 49. Be2 Rxe2 50. Rc8+ Kg7 51. Rc7+ Kf6 52. Rxa7
Ke5 53. Nc4+ Ke6 54. Ra6+ Ke7 55. Kf3 Bh5+ 56. g4 Bxg4+ 57. Kxg4 Rxe4+ 58. Kxg5
Rxc4 59. Ra3 Kf7 60. f4 1/2-1/2

[Event "NSU Open Mesterklasen 2007"]
[Site "Hillerod"]
[Date "2007.01.07"]
[Round "4"]
[White "Andersen, Lars Ren"]
[Black "Jakobsen, Peter"]
[Result "0-1"]
[WhiteElo "2018"]
[BlackElo "2191"]
[PlyCount "100"]
[EventDate "2007.??.??"]

1. d4 Nf6 2. c4 e6 3. Nf3 b6 4. g3 Ba6 5. Qc2 c5 6. dxc5 Bxc5 7. Bg2 Nc6 8. a3
Rc8 9. O-O Be7 10. b4 Bb7 11. Bb2 a5 12. b5 Nb8 13. Nbd2 d6 14. Rac1 Qc7 15. e4
Nbd7 16. Rfe1 O-O 17. Nb3 Rfe8 18. Nbd4 Bf8 19. h3 g6 20. Nd2 Bh6 21. Red1 Ne5
22. Nc6 Bxc6 23. bxc6 Qxc6 24. f4 Qc5+ 25. Kh1 Nh5 26. Nf1 Nxc4 27. Qb3 a4 28.
Qf3 Qb5 29. Ba1 Qd7 30. Rb1 e5 31. f5 Bg7 32. Kh2 Red8 33. Rb4 b5 34. Rd5 Rc5
35. Rd1 Rdc8 36. h4 Qc6 37. Rbb1 Na5 38. Ne3 Nf6 39. g4 h5 40. g5 Ng4+ 41. Nxg4
hxg4 42. Qxg4 Rc2 43. Rd3 Nc4 44. f6 Bf8 45. Rh3 Qc5 46. h5 Ne3 47. Rxe3 Qxe3
48. Rf1 gxh5 49. Qf5 Qe2 50. Qh3 Qxf1 0-1

[Event "NSU Open Mesterklasen 2007"]
[Site "Hillerod"]
[Date "2007.01.07"]
[Round "4"]
[White "Tandrup, Michael"]
[Black "Ostergaard, Jens"]
[Result "0-1"]
[WhiteElo "1896"]
[BlackElo "2257"]
[PlyCount "98"]
[EventDate "2007.??.??"]

1. d4 Nf6 2. Nf3 e6 3. e3 c5 4. Bd3 b6 5. O-O Bb7 6. b3 Be7 7. dxc5 bxc5 8. Bb2
O-O 9. c4 d6 10. Nbd2 e5 11. Ng5 Nbd7 12. Qc2 g6 13. Be2 Qb6 14. Rad1 a5 15.
Nge4 a4 16. Nc3 axb3 17. axb3 Rab8 18. e4 Ne8 19. Bg4 Ndf6 20. Bf3 Nc7 21. Nd5
Ncxd5 22. exd5 Bc8 23. Rfe1 Bf5 24. Qc3 Ne8 25. Ra1 Bf6 26. Qa5 Kg7 27. Bd1 h5
28. f3 Nc7 29. Qxb6 Rxb6 30. Ne4 Bxe4 31. fxe4 Ra6 32. Bc2 Bg5 33. Bc3 Rfa8 34.
Rxa6 Rxa6 35. Re2 Ra3 36. Bb2 Ra7 37. Kf2 Na6 38. Bc3 f5 39. exf5 gxf5 40. Bb1
Nb4 41. Kf3 Kg6 42. h3 Ra3 43. Bxb4 Rxb3+ 44. Kf2 Rxb4 45. Ba2 h4 46. Ke1 e4
47. Rc2 Kf6 48. Ke2 Ke5 49. Kd1 Be3 0-1